|
|
|
|
| LEADER |
00000nta a2200000 i 4500 |
| 001 |
dolg2701 |
| 005 |
20220627131612.0 |
| 008 |
160202suuuu hu om 000 hun d |
| 040 |
|
|
|a BGE Dolgozattár Repozitórium
|b hun
|
| 041 |
|
|
|a hu
|
| 100 |
1 |
|
|a Mocsári Judit
|
| 245 |
1 |
3 |
|a Az OTP Simple bemutatása - a fiatalok bankolási szokásainak tükrében
|c Mocsári Judit
|h [elektronikus dokumentum]
|
| 246 |
1 |
1 |
|a Az OTP Simple bemutatása - a fiatalok bankolási szokásainak tükrében
|
| 695 |
|
|
|a Marketing
|
| 695 |
|
|
|a bankmarketing
|
| 695 |
|
|
|a bankmarketing
|
| 700 |
1 |
|
|a Jäckel Dr. Katalin
|e ths
|
| 856 |
4 |
0 |
|u http://dolgozattar.uni-bge.hu/2701/1/Szakdolgozat_Mocs%C3%A1ri%20Judit.pdf
|z Dokumentum-elérés
|